Cuentos de barro
Furkejuvvon:
| Váldodahkki: | |
|---|---|
| Materiálatiipa: | Girji |
| Giella: | Undetermined |
| Almmustuhtton: |
San José, Costa Rica
EDUCA
1997
|
| Preanttus: | 7 |
| Fáttát: | |
| Fáddágilkorat: |
Lasit fáddágilkoriid
Eai fáddágilkorat, Lasit vuosttaš fáddágilkora!
|
MARC
| LEADER | 00000nam a2200000Ia 4500 | ||
|---|---|---|---|
| 008 | 170316s9999 xx 000 0 und d | ||
| 040 | |a cru BVZT | ||
| 090 | |a 860 S-2c | ||
| 100 | |a Salarrué | ||
| 245 | |a Cuentos de barro | ||
| 250 | |a 7 | ||
| 260 | |a San José, Costa Rica | ||
| 260 | |b EDUCA | ||
| 260 | |c 1997 | ||
| 300 | |a 171 páginas | ||
| 650 | |a LITERATURA LATINOAMERICANA | ||
| 999 | |c 9236 |d 9236 | ||
| 942 | |c 15 D |h 860 S-2c |2 z | ||
